| 000 | 01274njm a2200301Ia 4500 | ||
|---|---|---|---|
| 001 | B8892 | ||
| 003 | IT-RoPAU | ||
| 005 | 20220918181204.0 | ||
| 008 | 131025s9999 xx 000 0 und d | ||
| 040 | _aIT-RoPAU | ||
| 040 | _cIT-RoPAU | ||
| 999 |
_c103247 _d103247 |
||
| 999 | _bn.d. | ||
| 100 |
_aChaplin Charlie (Charlot) _929393 |
||
| 100 |
_eAutore musica _929394 |
||
| 100 |
_gCodice autore musica SPICS: 8134 _929395 |
||
| 245 | _aCity Lights | ||
| 250 | _a2a ed. | ||
| 260 | _aINGHILTERRA | ||
| 260 |
_bSILVA SCREEN RECORDS _c1991 [1a Ed.:1989 - Ed. Lingua Orig.: 1931] |
||
| 300 | _aCOMPACT DISC | ||
| 300 | _c55 minuti (Testo: 0 pag.) | ||
| 500 | _aColonna sonora originale del film "Luci della città " di Charlie Chaplin. | ||
| 505 | _aOverture Unveiling The Statue - The Flower Girl (Violetera) - Evening Meeting the Millionaire - At the Millionaire's Home - The Nightclub - The Limousine - The Sober Dawn - The Party & the Morning After - Eviction the Radio Sweeper At the girl's Home - The Boxing Match - The Burglars - Reunited. | ||
| 511 | _aDirettore d'orchestra: Davis Carl | ||
| 650 |
_aCOLONNA SONORA [COMPACT DISC] _eCodice MATERIA SPICS: 9949 _929396 |
||
| 700 |
_aChaplin Charlie (Charlot) _gCodice interprete SPICS: 8134 _eInterprete _929397 |
||
| 942 |
_cCD _2ddc |
||